[Event "Hampstead Under 2200 19-20 January 2013"]
[Site "London, England"]
[Date "2013.01.19"]
[Round "1"]
[White "Eden,Tomer"]
[Black "Batkin,Cyril"]
[Result "1-0"]
[WhiteElo "2179"]
[BlackElo "1816"]

1.d4 d5 2.Nf3 Nf6 3.c4 c6 4.Qc2 dxc4 5.e4 b5 6.b3 cxb3 7.axb3 e6 8.Bd2 Be7
9.Bd3 Bb7 10.O-O Nbd7 11.Ba5 Qc8 12.Nbd2 a6 13.b4 h6 14.Qb2 O-O 15.Rac1 Qb8
16.e5 Nd5 17.Rfe1 f6 18.Bb1 f5 19.Ba2 Qe8 20.Bxd5 cxd5 21.Nb3 Bd8 22.Nc5 Nxc5
23.dxc5 Bxa5 24.bxa5 Rc8 25.Nd4 Bc6 26.f4 Kf7 27.Re3 Qd8 28.Nxf5 Kg8 29.Nd4
Qe7 30.Rf3 Ba8 31.c6 Rc7 32.Qb3 g6 33.Qd3 Qe8 34.Qa3 Rff7 35.Qd6 Rfe7 36.Nxe6
Rxc6 37.Rxc6 Bxc6 38.Nd4 Bb7 39.Rg3 Rg7 40.f5 g5 41.e6 Qe7 42.Qxe7 Rxe7 43.f6
Rxe6 44.Nxe6 {#r} 1-0

[Event "Hampstead Under 2200 19-20 January 2013"]
[Site "London, England"]
[Date "2013.01.19"]
[Round "1"]
[White "Haridas,Girinath"]
[Black "Hasman,Cengiz"]
[Result "0-1"]
[WhiteElo "1773"]
[BlackElo "2151"]

1.d4 Nf6 2.c4 c5 3.d5 e5 4.Nc3 d6 5.e4 Be7 6.Bd3 O-O 7.Nge2 a6 8.O-O Nbd7 9.a3
Ne8 10.b4 b6 11.Qb3 Bg5 12.g3 Bxc1 13.Raxc1 g6 14.Qc2 Ng7 15.Qd2 f5 16.Kh1 f4
17.f3 g5 18.g4 h5 19.h3 hxg4 20.hxg4 Nf6 21.Rg1 Kf7 22.Rg2 Rh8+ 23.Kg1 Rh4
24.Kf2 Bxg4 25.Rcg1 Qd7 26.fxg4 Nxg4+ 27.Ke1 Rah8 28.Nc1 Rh1 29.Qe2 Rxg1+
30.Rxg1 Rh4 31.Qg2 Nh5 32.Be2 Nhf6 33.Nd3 Rh2 34.Qf3 Rh4 35.Qg2 Qd8 36.Nd1 Qh8
37.N3f2 Rh2 38.Qf3 Nxf2 39.Nxf2 Qh4 40.Rh1 Rxh1+ 41.Qxh1 Qxh1+ 42.Nxh1 Nxe4
43.Bf3 Nf6 44.Nf2 Kg6 45.Ng4 Nxg4 46.Bxg4 e4 47.Ke2 Kf6 48.bxc5 bxc5 49.a4 a5
50.Kf2 Ke5 51.Be2 Kd4 52.Bf1 g4 {#R} 0-1

[Event "Hampstead Under 2200 19-20 January 2013"]
[Site "London, England"]
[Date "2013.01.19"]
[Round "1"]
[White "Atako,Chino"]
[Black "Caputo,Francesco"]
[Result "1-0"]
[WhiteElo "2117"]
[BlackElo "1770"]

1.e4 e5 2.Nc3 Nc6 3.Nf3 Nf6 4.Bb5 Nd4 5.Ba4 Qe7 6.O-O g6 7.Nxd4 exd4 8.Nd5
Nxd5 9.exd5 Qb4 10.c3 Qb6 11.Re1+ Be7 12.d3 Qf6 13.Bh6 Kd8 14.Qd2 d6 15.Rxe7
Qxe7 16.Re1 {#r} 1-0

[Event "Hampstead Under 2200 19-20 January 2013"]
[Site "London, England"]
[Date "2013.01.19"]
[Round "1"]
[White "Georgiev,Ivan"]
[Black "Keohane,Ben"]
[Result "1-0"]
[WhiteElo "1768"]
[BlackElo "2114"]

1.e4 Nc6 2.d4 e5 3.d5 Nce7 4.Nc3 Ng6 5.h4 h5 6.g3 Bc5 7.Bg5 Nf6 8.Be2 d6 9.Na4
Bxf2+ 10.Kxf2 Nxe4+ 11.Kg2 Nxg5 12.hxg5 Qxg5 13.Nf3 Qg4 14.Nc3 Qb4 15.Rb1 Bd7
16.Nh4 Ne7 17.Bxh5 g5 18.Nf3 Nf5 19.Qd2 O-O-O 20.a3 Qb6 21.Qf2 g4 22.Ng5 Ne3+
23.Kg1 Rdf8 24.Re1 Nxc2 25.Qxb6 axb6 26.Rc1 Nd4 27.Bxf7 Nf3+ 28.Nxf3 Rxh1+
29.Kxh1 gxf3 30.Be6 c6 31.Kg1 Kd8 32.Bxd7 Kxd7 33.Kf2 cxd5 34.Nxd5 Ke6 35.Rd1
Rf7 36.Rd2 Rf8 37.Nxb6 e4 38.Nd5 Ke5 39.Nc3 Rh8 40.Ke3 Rh1 41.Rd5+ Ke6 42.Rd2
Ke5 43.Nxe4 Re1+ 44.Kxf3 Rxe4 45.Re2 Rxe2 46.Kxe2 Kd5 47.g4 Ke4 48.g5 Kf5
49.Ke3 Kxg5 50.Kd4 Kf5 51.Kd5 {#r} 1-0

[Event "Hampstead Under 2200 19-20 January 2013"]
[Site "London, England"]
[Date "2013.01.19"]
[Round "1"]
[White "Hadi,Justin"]
[Black "Sloan,Cecil"]
[Result "0-1"]
[WhiteElo "2068"]
[BlackElo "1730"]

1.e4 c5 2.c3 g6 3.d4 cxd4 4.cxd4 d5 5.Nc3 dxe4 6.Bc4 Bg7 7.Nge2 Nf6 8.Be3 O-O
9.Qc2 Nc6 10.Nxe4 Nxe4 11.Qxe4 Bf5 12.Qh4 Na5 13.Bb3 Nxb3 14.axb3 Qd5 15.O-O
Bf6 16.Qf4 e5 17.dxe5 Bxe5 18.Qc4 Qxc4 19.bxc4 Bd3 20.Rfe1 a6 21.Ra4 Rad8
22.f3 Rfe8 23.Nc1 Bc2 24.Rb4 Bd4 25.Kf2 Rxe3 26.Rxe3 Re8 27.Rxb7 {#R} 0-1

[Event "Hampstead Under 2200 19-20 January 2013"]
[Site "London, England"]
[Date "2013.01.19"]
[Round "1"]
[White "Vir,Prahast"]
[Black "Haria,Ravi"]
[Result "0-1"]
[WhiteElo "1679"]
[BlackElo "2050"]

1.e4 e6 2.d4 d5 3.Nc3 Nf6 4.Bg5 Bb4 5.e5 h6 6.Bxf6 gxf6 7.Nf3 c5 8.a3 Ba5
9.Qd3 cxd4 10.Qxd4 f5 11.O-O-O Nc6 12.Bb5 Bd7 13.Qe3 Rc8 14.Rd3 Qb6 15.Qxb6
Bxb6 16.Bxc6 bxc6 17.Nd4 Ke7 18.f4 a6 19.g3 h5 20.h4 Rhg8 21.Nb3 c5 22.Rxd5
Bc6 23.Rd6 Bxh1 24.Rxb6 Rxg3 25.Rxa6 Rg1+ 26.Kd2 Rd8+ 27.Rd6 Rxd6+ 28.exd6+
Kxd6 29.a4 Rg2+ 30.Kd3 Rg3+ 31.Kc4 Bd5+ 32.Kb5 Rg8 33.a5 Rb8+ 34.Ka4 c4 35.Nd4
Kc5 36.Nde2 Bc6+ 37.Ka3 f6 38.Na4+ Bxa4 39.Kxa4 Rxb2 {#R} 0-1

[Event "Hampstead Under 2200 19-20 January 2013"]
[Site "London, England"]
[Date "2013.01.19"]
[Round "1"]
[White "Fegan,Chris"]
[Black "Hassabis,George"]
[WhiteElo "2008"]
[BlackElo "1674"]

1.e4 e6 2.Qe2 c5 3.Nf3 Nf6 4.c3 Be7 5.e5 Nd5 6.d4 Nc6 7.a3 Qb6 8.Qb5 cxd4
9.Qxb6 Nxb6 10.cxd4 d5 11.Nc3 O-O 12.Bd3 Nd7 13.O-O a6 14.b4 b5 15.Be3 Nb6
16.Nd2 Nc4 *

[Event "Hampstead Under 2200 19-20 January 2013"]
[Site "London, England"]
[Date "2013.01.19"]
[Round "1"]
[White "Chellappah,Kuhan"]
[Black "Hayward,Alan"]
[Result "0-1"]
[WhiteElo "1618"]
[BlackElo "1962"]

1.d4 d5 2.c4 Nc6 3.cxd5 Qxd5 4.Nf3 Bg4 5.Nc3 Qa5 6.e3 Nf6 7.Bd2 e5 8.d5 Nxd5
9.Ne4 Bb4 10.Bxb4 Ndxb4 11.Nc3 e4 12.h3 Rd8 13.Qc1 exf3 14.hxg4 fxg2 15.Bxg2
Nd3+ {#R} 0-1

[Event "Hampstead Under 2200 19-20 January 2013"]
[Site "London, England"]
[Date "2013.01.19"]
[Round "1"]
[White "Dydak,Mateusz"]
[Black "Fordham,Nicholas"]
[Result "0-1"]
[WhiteElo "1952"]
[BlackElo "1850"]

1.e4 Nf6 2.Nc3 d5 3.exd5 Nxd5 4.d4 Bf5 5.Bd3 Bxd3 6.Qxd3 Nb4 7.Qe2 N8c6 8.Be3
Nxd4 9.Bxd4 Qxd4 10.Rd1 Qc5 11.a3 Na6 12.Nf3 e6 13.Ne4 Qb6 14.Qd3 Bd6 15.Nxd6+
cxd6 16.Qxd6 Qxd6 17.Rxd6 Ke7 18.Rd4 Rac8 19.c3 Nc5 20.Ke2 Rhd8 21.Rhd1 Nb3
22.Rxd8 Rxd8 23.Rxd8 Kxd8 24.Kd3 Ke7 25.Kc4 Na5+ 26.Kc5 Nc6 27.b4 f6 28.b5 Nb8
29.c4 Nd7+ 30.Kb4 Kd6 31.Nd2 Nc5 32.f3 f5 33.Kc3 e5 34.Nf1 g6 35.Ne3 Ne6
36.Nd5 e4 37.fxe4 fxe4 38.Nf6 Ke5 39.Nd7+ Kf4 {#R} 0-1

[Event "Hampstead Under 2200 19-20 January 2013"]
[Site "London, England"]
[Date "2013.01.19"]
[Round "1"]
[White "Brozel,Sacha"]
[Black "Vachtfeidl,Petr"]
[Result "0-1"]
[WhiteElo "1562"]
[BlackElo "1952"]

1.d4 Nf6 2.Nf3 g6 3.Bg5 Ne4 4.Nbd2 Nxg5 5.Nxg5 Bg7 6.e3 e5 7.Ndf3 exd4 8.exd4
O-O 9.Be2 d5 10.O-O c5 11.h4 h6 12.Nh3 Bxh3 13.gxh3 cxd4 14.h5 Nc6 15.Qd3 Qf6
16.Kh1 Rfe8 17.Nh2 Qe6 18.Bf3 Ne5 19.Qb3 Nxf3 20.Qxf3 Qe4 21.hxg6 fxg6 22.Rad1
Rf8 23.Qxe4 dxe4 24.Kg2 Rac8 25.Rd2 Rc5 26.Re1 Re8 27.Rde2 Ra5 28.a3 Rae5
29.Nf1 Rc8 30.Ng3 Rec5 31.Nxe4 Rxc2 32.b4 d3 33.Re3 d2 34.Rd1 Rd8 35.Re2 Ra2
36.Re3 b5 37.Kf1 h5 38.f4 Bh6 39.Ng5 Bxg5 40.fxg5 Rd5 {#R} 0-1

[Event "Hampstead Under 2200 19-20 January 2013"]
[Site "London, England"]
[Date "2013.01.19"]
[Round "1"]
[White "Lees,Fraser"]
[Black "Balouka-Myers,Reuben"]
[Result "1/2-1/2"]
[WhiteElo "1886"]
[BlackElo "1548"]

1.e4 e6 2.d4 d5 3.e5 c5 4.c3 Nc6 5.Nf3 Qb6 6.a3 Bd7 7.g3 Nge7 8.dxc5 Qxc5
9.Be3 Qa5 10.Bg2 Nf5 11.Bf4 g6 12.O-O Bg7 13.b4 Qb6 14.a4 a6 15.Na3 O-O 16.Re1
Rac8 17.a5 Qd8 18.Qd2 f6 19.Rac1 fxe5 20.Nxe5 Nxe5 21.Bxe5 Bxe5 22.Rxe5 Qf6
{#d} 1/2-1/2

[Event "Hampstead Under 2200 19-20 January 2013"]
[Site "London, England"]
[Date "2013.01.19"]
[Round "1"]
[White "Springett,Michael"]
[Black "Balouka-Myers,Gabriel"]
[Result "1/2-1/2"]
[WhiteElo "1418"]
[BlackElo "1507"]

1.d4 d5 2.c4 e6 3.Nc3 Nf6 4.Bg5 Be7 5.Nf3 O-O 6.e3 c5 7.dxc5 dxc4 8.Bxc4 Qxd1+
9.Rxd1 Bxc5 10.Bxf6 gxf6 11.Ne4 Be7 12.Nd6 Rd8 13.Nxc8 Rxc8 14.Bb3 Bb4+ 15.Ke2
Nc6 16.Nd4 Nxd4+ 17.Rxd4 Ba5 18.Rd7 Rc7 19.Rxc7 Bxc7 20.Rc1 Bb6 21.g3 Rd8
22.Rd1 Rxd1 23.Bxd1 Kf8 {#d} 1/2-1/2

[Event "Hampstead Under 2200 19-20 January 2013"]
[Site "London, England"]
[Date "2013.01.19"]
[Round "1"]
[White "Reed,Liam"]
[Black "Giles,Yasmin"]
[Result "0-1"]
[WhiteElo "1330"]
[BlackElo "1842"]

1.e4 c6 2.d4 d5 3.e5 c5 4.c3 Nc6 5.Nf3 Bg4 6.Be2 e6 7.O-O Nge7 8.Bg5 Bxf3
9.Bxf3 cxd4 10.cxd4 Qb6 11.Bxe7 Bxe7 12.Qb3 Qxb3 13.axb3 Nxd4 14.Nd2 Bg5
15.Ra4 Nc6 16.Nb1 O-O 17.h4 Be7 18.Re1 a5 19.g3 Bb4 20.Re2 Rfc8 21.Na3 Nd4
22.Re3 b5 23.Nxb5 Rc1+ 24.Kg2 Nxb5 25.Rd3 Rc2 26.Bd1 Rxb2 27.Rf3 Nc3 28.Ra1
Rd2 29.Rc1 Rxd1 30.Rcxc3 Bxc3 31.Rxc3 Rd4 32.f4 h5 33.Kf3 Kh7 34.g4 Kg6
35.gxh5+ Kxh5 36.Kg3 Rb4 37.Kh3 Rab8 38.Rg3 Rxb3 {#R} 0-1

[Event "Hampstead Under 2200 19-20 January 2013"]
[Site "London, England"]
[Date "2013.01.19"]
[Round "1"]
[White "Cork, Dave"]
[Black "Darvish,Masoud"]
[Result "1-0"]
[WhiteElo "1835"]
[BlackElo "1106"]

1.e4 c5 2.Nf3 Nc6 3.d4 cxd4 4.Nxd4 d6 5.Nc3 Nf6 6.Be3 g6 7.f3 Bg7 8.Qd2 Nb4
9.O-O-O O-O 10.g4 Re8 11.h4 d5 12.e5 Nd7 13.e6 Nb6 14.h5 Nc4 15.Bxc4 dxc4
16.hxg6 fxg6 17.Qh2 Qb6 18.Qxh7+ Kf8 19.Bh6 Bxh6+ 20.Qxh6+ Kg8 21.Qxg6+ Kf8
{#r} 1-0

[Event "Hampstead Under 2200 19-20 January 2013"]
[Site "London, England"]
[Date "2013.01.19"]
[Round "2"]
[White "Vachtfeidl,Petr"]
[Black "Eden,Tomer"]
[Result "0-1"]
[WhiteElo "1952"]
[BlackElo "2179"]

1.e4 c6 2.d4 d5 3.Nc3 dxe4 4.Nxe4 Bf5 5.Ng3 Bg6 6.h4 h6 7.Nf3 Nd7 8.h5 Bh7
9.Bd3 Bxd3 10.Qxd3 e6 11.Bf4 Qa5+ 12.Bd2 Bb4 13.c3 Be7 14.c4 Qc7 15.Bc3 Ngf6
16.O-O-O b5 17.cxb5 cxb5 18.Qxb5 Rb8 19.Qd3 O-O 20.Kb1 Rfc8 21.Rc1 Qb7 22.Rc2
Nd5 23.Ne2 Bb4 24.Ka1 Rc6 25.Qd2 Rb6 26.b3 Nxc3 27.Nxc3 Rc8 28.Qd3 Rbc6
29.Rhc1 Ba3 30.Rd1 Qb4 {#R} 0-1

[Event "Hampstead Under 2200 19-20 January 2013"]
[Site "London, England"]
[Date "2013.01.19"]
[Round "2"]
[White "Hasman,Cengiz"]
[Black "Fordham,Nicholas"]
[Result "1-0"]
[WhiteElo "2151"]
[BlackElo "1850"]

1.d4 d5 2.c4 e5 3.dxe5 d4 4.Nf3 Nc6 5.a3 Bg4 6.Nbd2 Nge7 7.b4 Ng6 8.Bb2 Ngxe5
9.Qa4 Bxf3 10.Nxf3 Nxc4 11.Bxd4 Nb6 12.Qb5 a6 13.Qd3 Nxd4 14.Nxd4 Qd5 15.Rc1
Bd6 16.e3 Nd7 17.Nf5 Qxd3 18.Bxd3 O-O 19.Nxd6 cxd6 20.Ke2 a5 21.Rc7 Ne5 22.b5
b6 23.f4 Ng4 24.Kf3 h5 25.h3 Nf6 26.e4 Rad8 27.Rc6 d5 28.e5 Nd7 29.Rd1 Rc8
30.Bf5 Rxc6 31.bxc6 Nc5 32.Rxd5 Ne6 33.a4 Rc8 34.Bxe6 fxe6 35.Rd6 Kf7 36.g4
hxg4+ 37.hxg4 g6 38.Ke4 Ke7 {#r} 1-0

[Event "Hampstead Under 2200 19-20 January 2013"]
[Site "London, England"]
[Date "2013.01.19"]
[Round "2"]
[White "Giles,Yasmin"]
[Black "Atako,Chino"]
[Result "1-0"]
[WhiteElo "1842"]
[BlackElo "2117"]

1.e4 g6 2.d4 Bg7 3.Nc3 c6 4.Nf3 d6 5.Bc4 Nf6 6.O-O O-O 7.Bb3 Qc7 8.Be3 b6
9.Re1 Nbd7 10.Qd2 Ng4 11.Bg5 Re8 12.h3 Ngf6 13.e5 Nh5 14.g4 dxe5 15.gxh5 exd4
16.Ne4 c5 17.Qf4 Qxf4 18.Bxf4 Bb7 19.Nfg5 Rf8 20.Nxf7 gxh5 21.Neg5 Rxf7
22.Bxf7+ Kf8 23.Bb3 Ke8 24.Ne6 {#r} 1-0

[Event "Hampstead Under 2200 19-20 January 2013"]
[Site "London, England"]
[Date "2013.01.19"]
[Round "2"]
[White "Haria,Ravi"]
[Black "Cork, Dave"]
[Result "1/2-1/2"]
[WhiteElo "2050"]
[BlackElo "1835"]

1.e4 c5 2.Nf3 d6 3.Bb5+ Nd7 4.d4 cxd4 5.Qxd4 a6 6.Bxd7+ Bxd7 7.c4 Nf6 8.Nc3 g6
9.O-O Bg7 10.a4 O-O 11.Qd3 Rc8 12.Rb1 Be6 13.b3 Nd7 14.Nd5 Nc5 15.Qe2 Nd7
16.Be3 Nf6 17.Nf4 Bd7 18.Rfd1 Qa5 19.c5 {#d} 1/2-1/2

[Event "Hampstead Under 2200 19-20 January 2013"]
[Site "London, England"]
[Date "2013.01.19"]
[Round "2"]
[White "Sloan,Cecil"]
[Black "Fegan,Chris"]
[Result "0-1"]
[WhiteElo "1730"]
[BlackElo "2008"]

1.e4 d6 2.d4 Nf6 3.Nc3 g6 4.Nf3 Bg7 5.h3 O-O 6.Be3 a6 7.Bd3 b5 8.O-O Bb7 9.e5
Nfd7 10.exd6 cxd6 11.Qe2 Nc6 12.a3 Rc8 13.Rfe1 Re8 14.Qd2 Na5 15.Qe2 e5
16.dxe5 dxe5 17.Be4 Rxc3 18.Bg5 f6 19.bxc3 fxg5 20.Red1 Bf6 21.Bxb7 Nxb7 22.a4
bxa4 23.Rxa4 Nbc5 24.Rc4 Qe7 25.Qe3 Kg7 26.Nd2 Rb8 27.Ne4 Nxe4 28.Qxe4 Nc5
29.Qc6 Rb5 30.Rd5 Qb7 31.Rdxc5 Qxc6 32.Rxc6 a5 33.Rc7+ Kh6 34.R4c6 Bd8 35.Ra7
Bb6 36.Ra8 g4 37.hxg4 Rb1+ 38.Kh2 Bxf2 39.Rxa5 Kg5 40.Rxe5+ Kf4 41.Re2 Bg3+
42.Kh3 Rh1# 0-1

[Event "Hampstead Under 2200 19-20 January 2013"]
[Site "London, England"]
[Date "2013.01.19"]
[Round "2"]
[White "Hayward,Alan"]
[Black "Georgiev,Ivan"]
[Result "0-1"]
[WhiteElo "1962"]
[BlackElo "1768"]

1.d4 Nf6 2.Nc3 e6 3.e4 d5 4.e5 Nfd7 5.Qh5 c5 6.Nf3 cxd4 7.Nxd4 g6 8.Qg4 Nxe5
9.Qg3 Nbc6 10.Nxc6 Nxc6 11.Nb5 e5 12.Bg5 Be7 13.Bxe7 Qxe7 14.O-O-O a6 15.Nc3
d4 16.Nd5 Qd8 17.Nb4 Qa5 18.Nxc6 bxc6 19.b4 Qc7 20.Rxd4 O-O 21.h4 Qe7 22.Re4
a5 23.h5 Bf5 24.Reh4 g5 25.f4 axb4 26.Bc4 g4 27.h6 Kh8 28.Rh5 Ra3 29.Qe1 Bxc2
30.Rxe5 Qd6 31.Kxc2 Rc3+ 32.Kb1 Rxc4 33.Qe3 {#R} 0-1

[Event "Hampstead Under 2200 19-20 January 2013"]
[Site "London, England"]
[Date "2013.01.19"]
[Round "2"]
[White "Balouka-Myers,Gabriel"]
[Black "Willmoth,Robert"]
[Result "0-1"]
[WhiteElo "1507"]
[BlackElo "2142"]

1.d4 d6 2.e4 Nf6 3.Nc3 c6 4.Nf3 Bg4 5.Be3 e6 6.Be2 d5 7.exd5 cxd5 8.O-O Nc6
9.Nb1 Bd6 10.c3 O-O 11.Re1 h6 12.Nbd2 Rc8 13.Nf1 a6 14.Qd2 Na5 15.Qd1 Nc4
16.Bxc4 Rxc4 17.N1d2 Rc8 18.h3 Bh5 19.Qb3 b5 20.Kh1 Rb8 21.a3 Qc7 22.Ng1 Rfc8
23.Ndf3 Bg6 24.Bd2 Ne4 25.Rf1 a5 26.Qd1 Qe7 27.Be3 b4 28.axb4 axb4 29.cxb4
Rxb4 30.Ra2 Rcb8 31.Bc1 Qc7 32.Ne2 Bh5 33.g4 Bg6 34.Nd2 h5 35.f3 Ng3+ 36.Nxg3
Bxg3 37.Nb1 Bxb1 38.Ra1 Bc2 39.Qd2 Bg6 40.f4 {#R} 0-1

[Event "Hampstead Under 2200 19-20 January 2013"]
[Site "London, England"]
[Date "2013.01.19"]
[Round "2"]
[White "Willmoth,Harrison"]
[Black "Lees,Fraser"]
[Result "0-1"]
[WhiteElo "1410"]
[BlackElo "1886"]

1.e4 g6 2.d4 Bg7 3.Nf3 c6 4.Nc3 d5 5.e5 h5 6.Bf4 Nh6 7.Qd2 Bf5 8.Be2 Nd7 9.O-O
Nf8 10.h3 Ne6 11.Be3 Qc7 12.Ng5 Nxg5 13.Bxg5 Be6 14.Rfe1 Nf5 15.Na4 b6 16.Rad1
Bh6 17.Bxh6 Nxh6 18.b3 Nf5 19.Nb2 h4 20.c4 Rd8 21.cxd5 Bxd5 22.Bc4 Bxc4
23.Nxc4 Rxd4 24.Qe2 O-O 25.e6 Rxd1 26.Rxd1 f6 27.Qd3 Kg7 28.Qd7 Qxd7 29.exd7
Ra8 30.g4 hxg3 31.fxg3 Kf8 32.g4 Ng7 33.Kf2 Ne6 34.Ke3 b5 35.Nb2 a5 36.h4 {#R}
0-1

[Event "Hampstead Under 2200 19-20 January 2013"]
[Site "London, England"]
[Date "2013.01.19"]
[Round "2"]
[White "Balouka-Myers,Reuben"]
[Black "Springett,Michael"]
[Result "1-0"]
[WhiteElo "1548"]
[BlackElo "1418"]

1.e4 c5 2.Nc3 Nc6 3.f4 g6 4.Nf3 d6 5.Be2 Nf6 6.d3 Bg7 7.O-O O-O 8.Rb1 Bd7
9.Nh4 Nd4 10.f5 Bc6 11.a3 Nd7 12.Bf4 Nxe2+ 13.Qxe2 Ne5 14.Bg5 h6 15.Bf4 g5
16.Bxe5 Bxe5 17.Qg4 Kh7 18.Nf3 Bxc3 19.bxc3 b6 20.Nxg5+ hxg5 21.Qh5+ Kg7
22.Qxg5+ Kh7 23.Rf3 {#r} 1-0

[Event "Hampstead Under 2200 19-20 January 2013"]
[Site "London, England"]
[Date "2013.01.19"]
[Round "2"]
[White "Keohane,Ben"]
[Black "Vir,Prahast"]
[Result "0-1"]
[WhiteElo "2114"]
[BlackElo "1679"]

1.e4 c5 2.d4 cxd4 3.c3 dxc3 4.Nxc3 Nc6 5.Nf3 g6 6.Bc4 Bg7 7.e5 Nh6 8.Bf4 O-O
9.O-O Nf5 10.g4 Nh6 11.h3 a6 12.Qd2 Nf5 13.gxf5 gxf5 14.Nd5 Kh8 15.Bh6 Rg8
16.Kh1 Bxe5 17.Rg1 e6 18.Rxg8+ Kxg8 19.Rg1+ {#R} 0-1

[Event "Hampstead Under 2200 19-20 January 2013"]
[Site "London, England"]
[Date "2013.01.19"]
[Round "2"]
[White "Hassabis,George"]
[Black "Hadi,Justin"]
[Result "1-0"]
[WhiteElo "1674"]
[BlackElo "2068"]

1.d4 e6 2.Nf3 d6 3.Bg5 Ne7 4.e3 Nd7 5.c4 g6 6.Bd3 Bg7 7.Qd2 h6 8.Bf4 e5 9.Bg3
f5 10.Bc2 e4 11.Ng1 Nf6 12.d5 Nfxd5 13.Ba4+ b5 14.Bxb5+ c6 15.Bxc6+ Nxc6
16.cxd5 Na5 17.Qb4 O-O 18.Nc3 Ba6 19.Bxd6 Rf7 20.Rc1 Rb7 21.Qa3 Bd3 22.b3 Rd7
23.Bb4 Nb7 24.Nge2 a5 25.Bc5 Nxc5 26.Qxc5 Rc8 27.Qa3 Bxe2 28.Nxe2 Rxd5 29.O-O
Rxc1 30.Qxc1 Rd2 31.Nf4 Rxa2 32.Nxg6 Ra1 33.Qc4+ Kh7 34.Nf4 Qd2 35.Rxa1 Bxa1
36.Qf7+ Bg7 37.Qxf5+ Kg8 38.Qd5+ {#r} 1-0

[Event "Hampstead Under 2200 19-20 January 2013"]
[Site "London, England"]
[Date "2013.01.19"]
[Round "2"]
[White "Chellappah,Kuhan"]
[Black "Dydak,Mateusz"]
[Result "1/2-1/2"]
[WhiteElo "1618"]
[BlackElo "1952"]

1.d4 f5 2.c4 Nf6 3.g3 g6 4.Bg2 Bg7 5.Nf3 O-O 6.O-O d6 7.Nc3 Qe8 8.Re1 Qf7 9.b3
Ne4 10.Nxe4 fxe4 11.Ng5 Qxf2+ 12.Kh1 Qxd4 13.Qxd4 Bxd4 14.Rb1 e3 15.Bb2 Bf6
16.Bd5+ Kg7 17.Rf1 c6 18.Ne6+ Bxe6 19.Bxe6 Na6 20.Rf3 Bxb2 21.Rxb2 Rxf3
22.exf3 Nc5 23.Bh3 d5 24.cxd5 cxd5 25.Rc2 Nd3 26.Bf1 Nf2+ 27.Kg2 Kf6 28.Rc7 b6
29.f4 Rd8 30.Rxa7 d4 31.Kf3 d3 32.Kxe3 d2 33.Be2 d1=Q 34.Bxd1 Nxd1+ 35.Ke2
Nc3+ 36.Ke3 h5 37.a4 Kf5 38.a5 bxa5 39.Rxa5+ Rd5 40.b4 e6 41.h3 e5 42.g4+ hxg4
43.hxg4+ Kxg4 44.fxe5 Kf5 45.Rc5 Kxe5 {#d} 1/2-1/2

[Event "Hampstead Under 2200 19-20 January 2013"]
[Site "London, England"]
[Date "2013.01.19"]
[Round "2"]
[White "Batkin,Cyril"]
[Black "Brozel,Sacha"]
[Result "1/2-1/2"]
[WhiteElo "1816"]
[BlackElo "1562"]

1.e4 c5 2.Nf3 Nc6 3.d4 cxd4 4.Nxd4 Nf6 5.Nc3 g6 6.Be3 Bg7 7.Bc4 O-O 8.Bb3 d6
9.h3 Qa5 10.f3 Qe5 11.f4 Qa5 12.O-O Nh5 13.g4 Nf6 14.f5 Qe5 15.Nde2 Nxe4
16.Nxe4 Qxe4 17.Qd2 Bxb2 18.Bd5 Qa4 19.Rab1 Bg7 20.fxg6 hxg6 21.Nf4 Ne5
22.Bxb7 Bxb7 23.Rxb7 Nc4 24.Rb4 Nxd2 25.Rxa4 Nxf1 26.Kxf1 Rfc8 27.c4 Bh6
28.Nd5 Bxe3 29.Nxe3 e6 30.Ra6 Rd8 31.Ke2 Rd7 32.Kd3 Kg7 33.g5 Rc8 34.Ra5 {#d}
1/2-1/2

[Event "Hampstead Under 2200 19-20 January 2013"]
[Site "London, England"]
[Date "2013.01.19"]
[Round "2"]
[White "Darvish,Masoud"]
[Black "Haridas,Girinath"]
[Result "0-1"]
[WhiteElo "1106"]
[BlackElo "1773"]

1.d4 Nf6 2.c4 g6 3.Nc3 Bg7 4.g3 O-O 5.Nf3 d6 6.Bg2 Nc6 7.O-O Re8 8.Bd2 e5
9.Bg5 exd4 10.Nxd4 Nxd4 11.Qxd4 h6 12.Be3 Ne4 13.Qd3 Nxc3 14.bxc3 Kh7 15.h4 a5
16.Be4 f5 17.Bd5 Be5 18.Qd2 Qf6 19.Rac1 Qg7 20.f4 Bf6 21.Kg2 Qe7 22.Kf3 c6
23.Bxc6 bxc6 24.Bd4 Qe4+ 25.Kf2 Bxd4+ 26.cxd4 Ba6 27.e3 d5 28.cxd5 Bxf1
29.dxc6 Qg2+ 30.Ke1 Qxd2+ 31.Kxd2 Bb5 32.c7 Rac8 33.Rc5 Bf1 34.d5 Re7 35.d6
Rd7 36.Rc6 Bg2 37.Rb6 Rcxc7 38.Ke2 Rc6 39.Rb5 Rdxd6 {#R} 0-1

[Event "Hampstead Under 2200 19-20 January 2013"]
[Site "London, England"]
[Date "2013.01.19"]
[Round "3"]
[White "Eden,Tomer"]
[Black "Fegan,Chris"]
[Result "1/2-1/2"]
[WhiteElo "2179"]
[BlackElo "2008"]

1.b3 Nf6 2.Bb2 g6 3.g4 Bg7 4.g5 Nh5 5.Bxg7 Nxg7 6.Bg2 e5 7.h4 h6 8.gxh6 Rxh6
9.d4 Rxh4 10.Rxh4 Qxh4 11.dxe5 Qh2 12.Kf1 Qxe5 13.Nd2 Nc6 14.Ngf3 Qh5 15.Ne4
Qf5 16.Ng3 Qf6 17.Ne4 Qf5 18.Ng3 Qf6 19.Ne4 {#d} 1/2-1/2

[Event "Hampstead Under 2200 19-20 January 2013"]
[Site "London, England"]
[Date "2013.01.19"]
[Round "3"]
[White "Georgiev,Ivan"]
[Black "Hasman,Cengiz"]
[Result "0-1"]
[WhiteElo "1768"]
[BlackElo "2151"]

1.e4 Nf6 2.e5 Nd5 3.d4 d6 4.c4 Nb6 5.exd6 exd6 6.Nc3 Nc6 7.Be3 Be7 8.Rc1 O-O
9.Be2 Bg5 10.Nf3 Bxe3 11.fxe3 Re8 12.Qd2 f5 13.O-O Qe7 14.e4 fxe4 15.Ne1 e3
16.Qd1 g6 17.Nc2 Bf5 18.Ne1 Qg7 19.Nf3 Bg4 20.d5 Bxf3 21.Rxf3 Nd4 22.Rf4 Nf5
23.b3 Re5 24.Ne4 h6 25.g4 g5 26.Rxf5 Rxe4 27.c5 Rd4 28.Qf1 dxc5 29.Rxc5 Re8
30.a4 Nc8 31.Qc1 Re7 32.d6 Nxd6 33.Rfd5 Rxd5 34.Rxd5 Qf7 35.Bc4 Nxc4 36.Rd8+
Kg7 37.bxc4 Qf2+ 38.Kh1 Qf3+ 39.Kg1 Qxg4+ 40.Kh1 Qe4+ 41.Kg1 e2 42.Qa1+ Qe5
43.Qe1 Rf7 {#R} 0-1

[Event "Hampstead Under 2200 19-20 January 2013"]
[Site "London, England"]
[Date "2013.01.19"]
[Round "3"]
[White "Willmoth,Robert"]
[Black "Balouka-Myers,Reuben"]
[Result "1-0"]
[WhiteElo "2142"]
[BlackElo "1548"]

1.e4 e6 2.d3 d5 3.Nd2 c5 4.Ngf3 Ne7 5.g3 Ng6 6.Bg2 Be7 7.O-O O-O 8.Re1 Nc6
9.h4 f5 10.c3 f4 11.e5 fxg3 12.fxg3 Qc7 13.Qe2 b6 14.Nf1 Bb7 15.N1h2 d4 16.c4
Rf7 17.h5 Nh8 18.Ng4 Raf8 19.Bf4 Qd7 20.Nd2 Qd8 21.Ne4 Qd7 22.h6 g6 23.Ngf6+
Bxf6 24.Nxf6+ {#r} 1-0

[Event "Hampstead Under 2200 19-20 January 2013"]
[Site "London, England"]
[Date "2013.01.19"]
[Round "3"]
[White "Lees,Fraser"]
[Black "Cork, Dave"]
[Result "0-1"]
[WhiteElo "1886"]
[BlackElo "1835"]

1.e4 c5 2.Nc3 Nc6 3.f4 e6 4.Bb5 Nd4 5.Bd3 Bd6 6.e5 Bc7 7.Nf3 Nf5 8.Bxf5 exf5
9.Nd5 Bb8 10.c4 d6 11.O-O Ne7 12.Qb3 O-O 13.Re1 Nxd5 14.cxd5 dxe5 15.fxe5 a6
16.a4 b6 17.e6 Ra7 18.d4 cxd4 19.Ng5 h6 20.Nxf7 Qh4 21.g3 Qf6 22.Bd2 Raxf7
23.exf7+ Qxf7 24.Bb4 Rd8 25.Re7 Qf6 26.Rae1 a5 27.Bxa5 Bxg3 28.hxg3 bxa5
29.Re8+ Kh7 30.Rxd8 Qxd8 31.Rd1 Qf6 32.Kg2 Qe5 33.Qc4 Qe4+ 34.Kh2 Qf3 35.Qxd4
Qe2+ 36.Kg1 Bd7 37.Rd2 Qe1+ 38.Kg2 Bxa4 39.Qc3 Bb5 40.Rf2 Qb1 41.Qf3 Bd3
42.Rf1 Bxf1+ 43.Qxf1 Qxb2+ 44.Kh3 Qe5 45.Qd1 Qd6 46.Qd3 Qd7 47.Kg2 a4 48.Qa3
Qxd5+ 49.Kf2 Qd4+ {#R} 0-1